[Event "Bunratty Masters 2020"]
[Site "Bunratty IRL"]
[Date "2020.02.22"]
[Round "3.10"]
[White "Lucchi, Lorenzo"]
[Black "Kanyamarala, Trisha"]
[Result "1/2-1/2"]
[BlackTitle "WFM"]
[WhiteElo "2111"]
[BlackElo "2299"]
[BlackICU "2197"]
[BlackClub "Balbriggan"]
[WhiteNationality "ITA"]
[BlackNationality "IRL"]
[WhiteFideId "821160"]
[BlackFideId "45004722"]
[PlyCount "100"]
[EventDate "2020.02.21"]

{ Event information: <a
href="http://www.irlchess.com/bunratty2020_allfiles/pairings_bunratty2020.html">Tournament
report</a>. }

1. e4 c5 2. c3 Nf6 3. e5 Nd5 4. Nf3 Nc6 5. d4 cxd4 6. cxd4 d6 7. Nc3 e6 8.
Bd3 Nxc3 9. bxc3 dxe5 10. Nxe5 Qa5 11. O-O Nxe5 12. dxe5 Qxe5 13. Re1 Qc7
14. Qg4 Bd7 15. Bg5 Bd6 16. Rad1 Bxh2+ 17. Kh1 h6 18. Qh5 Be5 19. Bc1 Bf6
20. Ba3 a6 21. Be4 Be7 22. Bg6 O-O 23. Bxe7 fxg6 24. Qe5 Qxe5 25. Rxe5 Ba4
26. Rd4 Rfe8 27. Bc5 Bc6 28. Rd6 Kf7 29. Bb6 Re7 30. Bd8 Rd7 31. Rxd7+ Bxd7
32. Bb6 Rc8 33. Re3 Bc6 34. Kh2 Bd5 35. a4 a5 36. Bxa5 Ra8 37. Bb6 Rxa4 38.
Re2 Rh4+ 39. Kg1 Rg4 40. f3 Rc4 41. Bd4 g5 42. Re1 Ra4 43. Re2 g6 44. Be3
Ra1+ 45. Kf2 Ra3 46. Rc2 b5 47. Bc5 Ra4 48. Rb2 Bc6 49. Rd2 Rc4 50. Bd4 Ra4
1/2-1/2

[Event "Bunratty Masters 2020"]
[Site "Bunratty IRL"]
[Date "2020.02.22"]
[Round "3.11"]
[White "Reyer, Ulli"]
[Black "Li, Henry"]
[Result "1/2-1/2"]
[BlackTitle "FM"]
[WhiteElo "2092"]
[BlackElo "2310"]
[BlackICU "2295"]
[BlackClub "Gonzaga"]
[WhiteNationality "GER"]
[BlackNationality "IRL"]
[WhiteFideId "4633350"]
[BlackFideId "2508524"]
[PlyCount "46"]
[EventDate "2020.02.21"]

{ Event information: <a
href="http://www.irlchess.com/bunratty2020_allfiles/pairings_bunratty2020.html">Tournament
report</a>. }

1. e4 e5 2. Nf3 Nc6 3. Bc4 Nf6 4. d3 Be7 5. O-O O-O 6. Re1 d6 7. c3 Na5 8.
Bb5 a6 9. Ba4 c5 10. Nbd2 b5 11. Bc2 Nc6 12. Nf1 h6 13. h3 Re8 14. Ng3 Bf8
15. d4 cxd4 16. cxd4 Bd7 17. b3 Qc7 18. Bb2 Nb4 19. Bb1 Rac8 20. Re2 Nc6
21. Bc2 Nb4 22. Bb1 Nc6 23. Bc2 Nb4 1/2-1/2

[Event "Bunratty Masters 2020"]
[Site "Bunratty IRL"]
[Date "2020.02.22"]
[Round "3.12"]
[White "Weischede, Thomas"]
[Black "Flynn, Jacob"]
[Result "0-1"]
[WhiteTitle "FM"]
[WhiteElo "2276"]
[BlackElo "2105"]
[BlackICU "2108"]
[BlackClub "Malahide"]
[WhiteNationality "GER"]
[BlackNationality "IRL"]
[WhiteFideId "4617584"]
[BlackFideId "2509393"]
[PlyCount "47"]
[EventDate "2020.02.21"]

{ Event information: <a
href="http://www.irlchess.com/bunratty2020_allfiles/pairings_bunratty2020.html">Tournament
report</a>. }

1. d4 Nf6 2. Nf3 e6 3. c4 Bb4+ 4. Nbd2 b6 5. g3 Bb7 6. Bg2 O-O 7. O-O d5 8.
cxd5 exd5 9. Ne5 Nbd7 10. Ndf3 h6 11. a3 Bd6 12. b4 Ne4 13. Bb2 a6 14. Qc2
Ndf6 15. Nd3 Qe8 16. Bc1 Qc6 17. Qxc6 Bxc6 18. Bf4 Bb5 19. Bxd6 cxd6 20.
Rfe1 Nc3 21. Bf1 Nfe4 22. Nf4 g5 23. Nd3 Rac8 24. h3 { ... ? } (24. h3 f5
$17) 0-1

[Event "Bunratty Masters 2020"]
[Site "Bunratty IRL"]
[Date "2020.02.22"]
[Round "3.13"]
[White "Van Empel, Fred"]
[Black "Mannion, Stephen R."]
[Result "0-1"]
[BlackTitle "IM"]
[WhiteElo "2042"]
[BlackElo "2266"]
[WhiteNationality "NED"]
[BlackNationality "SCO"]
[WhiteFideId "1040863"]
[BlackFideId "2400111"]
[PlyCount "74"]
[EventDate "2020.02.21"]
[WhiteFullName "van Empel, Fred"]

{ Event information: <a
href="http://www.irlchess.com/bunratty2020_allfiles/pairings_bunratty2020.html">Tournament
report</a>. }

1. e4 e5 2. Nf3 Nc6 3. Bc4 Bc5 4. c3 Nf6 5. d3 d6 6. b4 Bb6 7. a4 a5 8. b5
Ne7 9. O-O Ng6 10. Be3 Bxe3 11. fxe3 O-O 12. Qe1 c6 13. Nh4 d5 14. exd5
cxd5 15. Bb3 Be6 16. Nxg6 hxg6 17. Nd2 Rc8 18. Rc1 Qe7 19. Qg3 Bf5 20. d4
Rfe8 21. Rf3 exd4 22. exd4 Qe2 23. Qf2 Ng4 24. Qxe2 Rxe2 25. Nf1 Be4 26.
Rg3 Nf6 27. Bd1 Ra2 28. Ne3 Ra3 29. Nf1 Nh5 30. Bxh5 gxh5 31. Nd2 Bf5 32.
c4 Rxa4 33. Rf3 Be6 34. c5 Rxd4 35. Nb3 Rc4 36. Rxc4 dxc4 37. Nxa5 Rxc5 0-1

[Event "Bunratty Masters 2020"]
[Site "Bunratty IRL"]
[Date "2020.02.22"]
[Round "3.14"]
[White "Connell, Blair"]
[Black "Grochowalski, Pawel"]
[Result "1/2-1/2"]
[WhiteElo "2238"]
[BlackElo "2099"]
[WhiteNationality "ENG"]
[BlackNationality "POL"]
[WhiteFideId "403725"]
[BlackFideId "1115197"]
[PlyCount "78"]
[EventDate "2020.02.21"]
[BlackFullName "Grochowalski, Pawe&#322;"]

{ Event information: <a
href="http://www.irlchess.com/bunratty2020_allfiles/pairings_bunratty2020.html">Tournament
report</a>. }

1. d4 d5 2. Bf4 e6 3. e3 Bd6 4. Bg3 Nf6 5. c3 Ne4 6. Bxd6 Qxd6 7. Bd3 Nf6
8. Nf3 Nbd7 9. Nbd2 e5 10. dxe5 Nxe5 11. Nxe5 Qxe5 12. Qa4+ c6 13. Qb4 Qe7
14. Qxe7+ Kxe7 15. O-O-O Be6 16. h3 Rad8 17. Rhe1 Rhe8 18. Nb3 Kf8 19. Bc2
Bc8 20. Rd2 g6 21. Red1 Ke7 22. Rd4 b6 23. R4d2 c5 24. Na1 Ne4 25. Bxe4
dxe4 26. Nc2 Rxd2 27. Rxd2 Ba6 28. h4 Bf1 29. g3 Rd8 30. Rxd8 Kxd8 31. Kd2
Ke7 32. Na3 Ba6 33. c4 h5 34. b3 Kd6 35. Nb1 Bb7 36. Nc3 Bc6 37. Ne2 Ke5
38. Nf4 Kf5 39. Ke1 Ke5 1/2-1/2

[Event "Bunratty Masters 2020"]
[Site "Bunratty IRL"]
[Date "2020.02.22"]
[Round "3.15"]
[White "Wall, Tim"]
[Black "Manojlovic, Mihailo"]
[Result "0-1"]
[WhiteTitle "FM"]
[WhiteElo "2201"]
[BlackElo "2024"]
[BlackICU "2038"]
[BlackClub "St. Benildus"]
[WhiteNationality "ENG"]
[BlackNationality "IRL"]
[WhiteFideId "401641"]
[BlackFideId "2507633"]
[PlyCount "78"]
[EventDate "2020.02.21"]

{ Event information: <a
href="http://www.irlchess.com/bunratty2020_allfiles/pairings_bunratty2020.html">Tournament
report</a>. }

1. d4 Nf6 2. Nc3 d5 3. Bf4 a6 4. e3 Bf5 5. Bd3 Bxd3 6. cxd3 e6 7. Nf3 Bd6
8. Bg3 O-O 9. e4 Bb4 10. Bh4 Be7 11. Qb3 b5 12. O-O dxe4 13. dxe4 Nfd7 14.
Bxe7 Qxe7 15. Rac1 c5 16. dxc5 Nxc5 17. Qa3 Nbd7 18. Rfd1 Rfc8 19. h3 Nb6
20. b3 Qb7 21. Qb4 Nbd7 22. e5 Rc6 23. Rc2 Rac8 24. Rcd2 Nf8 25. Rd8 Rxd8
26. Rxd8 Qc7 27. Qh4 $4 (27. Nd4 $14) 27... Nb7 $19 28. Rxf8+ Kxf8 29. Ne4
h6 30. g4 Nc5 31. Nd6 Nd3 32. Qg3 Nxe5 33. Nxe5 Rxd6 34. Qf3 Rd5 35. Ng6+
Kg8 36. Nf4 Rc5 37. Qa8+ Qc8 38. Qe4 Rc1+ 39. Kh2 Qc6 0-1

[Event "Bunratty Masters 2020"]
[Site "Bunratty IRL"]
[Date "2020.02.22"]
[Round "3.16"]
[White "Skulte, Christopher"]
[Black "Rawlinson, Aidan"]
[Result "0-1"]
[WhiteElo "2036"]
[BlackElo "2181"]
[WhiteNationality "AUS"]
[BlackNationality "ENG"]
[WhiteFideId "3214044"]
[BlackFideId "413496"]
[PlyCount "68"]
[EventDate "2020.02.21"]

{ Event information: <a
href="http://www.irlchess.com/bunratty2020_allfiles/pairings_bunratty2020.html">Tournament
report</a>. }

1. e4 g6 2. d4 Bg7 3. Nf3 d6 4. Bc4 Nf6 5. Qe2 O-O 6. O-O Bg4 7. h3 Bxf3 8.
Qxf3 Nc6 9. Be3 e5 10. c3 Nd7 11. Rd1 Kh8 12. Bb3 f5 13. exf5 gxf5 14. dxe5
Ncxe5 15. Qg3 f4 16. Bxf4 Ng6 17. Bg5 Bf6 18. Bxf6+ Qxf6 19. Nd2 Nf4 20.
Ne4 Qf5 21. Qe3 Rae8 22. Qd4+ Ne5 23. Ng3 Qf6 24. Kh1 Qh6 25. Re1 Nxh3 26.
gxh3 Qxh3+ 27. Kg1 c5 28. Qe4 Nf3+ 29. Qxf3 Rxe1+ 30. Rxe1 Rxf3 31. Re8+
Kg7 32. Rg8+ Kh6 33. Ne4 Rf4 34. Rg2 Rxe4 0-1

[Event "Bunratty Masters 2020"]
[Site "Bunratty IRL"]
[Date "2020.02.22"]
[Round "3.17"]
[White "Machin, Guillaume"]
[Black "McMorrow, John"]
[Result "0-1"]
[WhiteTitle "CM"]
[WhiteElo "2159"]
[BlackElo "1986"]
[BlackICU "1988"]
[BlackClub "Gonzaga"]
[WhiteNationality "FRA"]
[BlackNationality "IRL"]
[WhiteFideId "616648"]
[BlackFideId "2501481"]
[PlyCount "69"]
[EventDate "2020.02.21"]

{ Event information: <a
href="http://www.irlchess.com/bunratty2020_allfiles/pairings_bunratty2020.html">Tournament
report</a>. }

1. Nf3 d5 2. b3 Nf6 3. Bb2 c5 4. e3 Nc6 5. Bb5 Bd7 6. O-O e6 7. Bxc6 Bxc6
8. Ne5 Bb5 9. d3 Bd6 10. f4 Qc7 11. c4 Ba6 12. Ng4 Be7 13. Nxf6+ Bxf6 14.
Bxf6 gxf6 15. Nc3 O-O-O 16. cxd5 exd5 17. Rc1 Kb8 18. Na4 b6 19. Rf3 Bc8
20. Rg3 d4 21. e4 Qxf4 22. Rc2 Rhg8 23. Rf2 Qe5 24. Rxg8 Rxg8 25. Nb2 Qg5
26. Nc4 Be6 27. Nd2 Bg4 28. Qf1 Rg6 29. Nc4 Kc7 30. b4 Be6 31. bxc5 bxc5
32. Nd2 Qe3 33. Kh1 Bxa2 34. Nf3 Be6 35. Rc2 0-1

[Event "Bunratty Masters 2020"]
[Site "Bunratty IRL"]
[Date "2020.02.22"]
[Round "3.18"]
[White "Kolb, Markus"]
[Black "Murray, David"]
[Result "1-0"]
[WhiteElo "2025"]
[BlackElo "2145"]
[BlackICU "2138"]
[BlackClub "Gonzaga"]
[WhiteNationality "GER"]
[BlackNationality "IRL"]
[WhiteFideId "4690524"]
[BlackFideId "2501511"]
[PlyCount "81"]
[EventDate "2020.02.21"]

{ Event information: <a
href="http://www.irlchess.com/bunratty2020_allfiles/pairings_bunratty2020.html">Tournament
report</a>. }

1. c4 e5 2. g3 Nc6 3. Bg2 f5 4. Nc3 Nf6 5. Nf3 e4 6. Nh4 g6 7. d3 exd3 8.
Qxd3 Ne5 9. Qd4 d6 10. Nf3 Qe7 11. Bf4 Nc6 12. Qd2 Bg7 13. O-O h6 14. h4
Be6 15. Nd5 Qf7 16. Rfd1 Ne4 17. Qc2 O-O 18. Rac1 a5 19. a3 a4 20. Be3 Nc5
21. Bxc5 dxc5 22. e3 Rfd8 23. Nd2 g5 24. hxg5 hxg5 25. b4 cxb4 26. axb4 a3
27. Nb3 Bb2 28. Rb1 Ne5 29. Nc5 c6 30. Nxe6 Qxe6 31. Nc7 Qf6 32. Nxa8 Rxa8
33. c5 Nf7 34. Bf1 Kg7 35. Bc4 a2 36. Qxb2 Qxb2 37. Rxb2 a1=Q 38. Rxa1
Rxa1+ 39. Kg2 Ne5 40. Be2 Kf6 41. f4 1-0

[Event "Bunratty Masters 2020"]
[Site "Bunratty IRL"]
[Date "2020.02.22"]
[Round "3.19"]
[White "Foley, John"]
[Black "Kanyamarala, Tarun"]
[Result "0-1"]
[BlackTitle "FM"]
[WhiteElo "1954"]
[BlackElo "2349"]
[BlackICU "2275"]
[BlackClub "Balbriggan"]
[WhiteNationality "ENG"]
[BlackNationality "IRL"]
[WhiteFideId "424110"]
[BlackFideId "45004714"]
[PlyCount "72"]
[EventDate "2020.02.21"]

{ Event information: <a
href="http://www.irlchess.com/bunratty2020_allfiles/pairings_bunratty2020.html">Tournament
report</a>. }

1. d4 Nf6 2. Nf3 e6 3. Bf4 d5 4. e3 c5 5. c3 Nc6 6. Nbd2 cxd4 7. exd4 Nh5
8. Bg5 f6 9. Bh4 Nf4 10. Bg3 Bd6 11. Bxf4 Bxf4 12. Bd3 e5 13. dxe5 fxe5 14.
Bb5 O-O 15. O-O e4 16. Nd4 Nxd4 17. cxd4 Qa5 18. Qb3 Bxd2 19. Qxd5+ Kh8 20.
a3 Bf5 21. b4 Qb6 22. Qc5 Qxc5 23. dxc5 Rad8 24. h3 g6 25. Rfd1 e3 26. fxe3
Bc2 27. Rf1 Bxe3+ 28. Kh1 Rxf1+ 29. Rxf1 Rd1 30. Rxd1 Bxd1 31. c6 bxc6 32.
Bxc6 Bc1 33. a4 Ba3 34. g4 Bxb4 35. Kg2 g5 36. Kf2 Bd2 0-1

[Event "Bunratty Masters 2020"]
[Site "Bunratty IRL"]
[Date "2020.02.22"]
[Round "3.20"]
[White "Shanel, Jaroslav"]
[Black "Fox, Anthony"]
[Result "1/2-1/2"]
[WhiteElo "2138"]
[BlackElo "2001"]
[BlackICU "1968"]
[BlackClub "Dun Laoghaire"]
[WhiteNationality "CZE"]
[BlackNationality "IRL"]
[WhiteFideId "318671"]
[BlackFideId "2500736"]
[PlyCount "149"]
[EventDate "2020.02.21"]

{ Event information: <a
href="http://www.irlchess.com/bunratty2020_allfiles/pairings_bunratty2020.html">Tournament
report</a>. }

1. e4 e5 2. Nf3 Nc6 3. Bb5 a6 4. Ba4 Nf6 5. d4 exd4 6. O-O Be7 7. e5 Ne4 8.
Nxd4 O-O 9. Nf5 d5 10. Bxc6 bxc6 11. Qg4 Bxf5 12. Qxf5 Qc8 13. Qxc8 Raxc8
14. Nd2 Nxd2 15. Bxd2 c5 16. Rfd1 c6 17. b3 f5 18. f4 Kf7 19. Kf2 Ke6 20.
Kf3 g6 21. Be3 Rb8 22. Bd2 Rf7 23. h3 Rg8 24. Be3 h6 25. g3 g5 26. Bf2 gxf4
27. gxf4 Rfg7 28. Rd3 Rg2 29. Rh1 h5 30. Rdd1 R2g7 31. Rh2 h4 32. Rd3 Rg6
33. Rd1 R6g7 34. Ke2 Rg6 35. Rd3 Rb8 36. Rh1 Rb4 37. Kf3 Rb8 38. Rc3 Rbg8
39. Rd3 Rg2 40. Rdd1 R8g7 41. Rd3 Rg8 42. Ke2 R8g7 43. Kf1 Rg8 44. Rg1
Rxg1+ 45. Bxg1 Rg6 46. Bf2 Rg8 47. Rc3 d4 48. Rc4 Kd5 49. Ra4 Ke4 50. e6
Rg6 51. c3 Kxf4 52. cxd4 Kf3 53. dxc5 Rxe6 54. Rc4 Bf6 55. Bxh4 Bxh4 56.
Rxh4 f4 57. Rg4 Re5 58. b4 a5 59. a3 axb4 60. axb4 Re4 61. Rg6 Rxb4 62. Ke1
Rb1+ 63. Kd2 Rh1 64. Rh6 Rh2+ 65. Kd3 Kg3 66. Rxc6 Rxh3 67. Rg6+ Kf2+ 68.
Kc4 f3 69. c6 Rh1 70. Kd5 Rc1 71. Rg4 Rxc6 72. Kxc6 Ke2 73. Re4+ Kd2 74.
Rf4 Ke2 75. Rxf3 1/2-1/2

[Event "Bunratty Masters 2020"]
[Site "Bunratty IRL"]
[Date "2020.02.22"]
[Round "3.21"]
[White "Venkatesan, Kavin"]
[Black "O'Connor, Jonathan"]
[Result "0-1"]
[WhiteElo "2027"]
[BlackElo "2161"]
[WhiteICU "2100"]
[BlackICU "2110"]
[WhiteClub "St. Benildus"]
[BlackClub "Dublin"]
[WhiteNationality "IRL"]
[BlackNationality "IRL"]
[WhiteFideId "2512602"]
[BlackFideId "2501112"]
[PlyCount "80"]
[EventDate "2020.02.21"]

{ Event information: <a
href="http://www.irlchess.com/bunratty2020_allfiles/pairings_bunratty2020.html">Tournament
report</a>. }

1. d4 Nf6 2. c4 e6 3. Nc3 Bb4 4. f3 c5 5. d5 d6 6. e4 O-O 7. Bd3 Nbd7 8.
Ne2 b5 9. O-O exd5 10. Nxb5 dxe4 11. Bxe4 Nxe4 12. fxe4 Ne5 13. Nxd6 Be6
14. b3 Bg4 15. Rf2 Bc3 16. Rb1 Bxe2 17. Qxe2 Qxd6 18. Bb2 Bxb2 19. Rxb2
Rad8 20. Rd2 Qxd2 21. Qxd2 Rxd2 22. Rxd2 Rc8 23. Rd5 f6 24. h3 Kf7 25. Kf2
Ke7 26. g4 g5 27. Ke3 Rc6 28. Kd2 Rd6 29. Ke3 Nd7 30. Kf3 Ke6 31. Ke3 Rxd5
32. exd5+ Ke5 33. a3 a5 34. Kd3 f5 35. Ke3 f4+ 36. Kd3 Nb6 37. Ke2 Kd4 38.
Kf3 Kc3 39. d6 Kxb3 40. Ke4 Kxc4 0-1

[Event "Bunratty Masters 2020"]
[Site "Bunratty IRL"]
[Date "2020.02.22"]
[Round "3.22"]
[White "Mueller, Reinhard"]
[Black "Van der Zwet, Bart"]
[Result "1/2-1/2"]
[WhiteElo "2109"]
[BlackElo "2092"]
[WhiteNationality "GER"]
[BlackNationality "NED"]
[WhiteFideId "4679172"]
[BlackFideId "1004204"]
[PlyCount "41"]
[EventDate "2020.02.21"]
[BlackFullName "van der Zwet, Bart"]

{ Event information: <a
href="http://www.irlchess.com/bunratty2020_allfiles/pairings_bunratty2020.html">Tournament
report</a>. }

1. f4 d5 2. Nf3 Nf6 3. e3 g6 4. b3 Bg7 5. Bb2 O-O 6. Be2 c5 7. O-O Nc6 8.
Ne5 Qc7 9. Nxc6 Qxc6 10. Be5 b5 11. d3 Bb7 12. Nd2 Bh6 13. Qe1 Ne8 14. Qh4
Bg7 15. Bxg7 Nxg7 16. g4 Qf6 17. Qh6 Ne6 18. Nf3 d4 19. g5 Qg7 20. Qxg7+
Kxg7 21. Ne5 1/2-1/2

[Event "Bunratty Masters 2020"]
[Site "Bunratty IRL"]
[Date "2020.02.22"]
[Round "3.23"]
[White "Murphy, Sean J."]
[Black "Vogel, Constantin"]
[Result "0-1"]
[WhiteElo "1976"]
[BlackElo "2129"]
[WhiteICU "1985"]
[BlackICU "1993"]
[WhiteClub "Cork"]
[BlackClub "St. Benildus"]
[WhiteNationality "IRL"]
[BlackNationality "GER"]
[WhiteFideId "2512742"]
[BlackFideId "12960071"]
[PlyCount "102"]
[EventDate "2020.02.21"]
[WhiteFullName "Murphy, Se&aacute;n J."]

{ Event information: <a
href="http://www.irlchess.com/bunratty2020_allfiles/pairings_bunratty2020.html">Tournament
report</a>. }

1. Nf3 Nf6 2. g3 b6 3. Bg2 Bb7 4. O-O c5 5. c4 g6 6. d4 cxd4 7. Qxd4 Bg7 8.
Nc3 O-O 9. Qh4 d6 10. Bh6 Nbd7 11. Rfd1 Rc8 12. b3 Rc5 13. Bxg7 Kxg7 14.
Qd4 Qa8 15. b4 Rcc8 16. Nd5 e5 17. Qd2 Nxd5 18. cxd5 Nf6 19. Nh4 h6 20. f4
e4 21. Bh3 Rc4 22. Ng2 Nxd5 23. Qb2+ Kh7 24. Rd4 Rxd4 25. Qxd4 Qe8 26. f5
Qe5 27. Qxe5 dxe5 28. a3 g5 29. Kf2 Nf6 30. Ne3 Rc8 31. a4 Rc3 32. a5 Nd5
33. axb6 Nxe3 34. Rxa7 Bd5 35. b7 Ng4+ 36. Kg1 Rc1+ 37. Bf1 Ne3 38. Kf2
Nxf1 39. e3 Bxb7 40. Rxb7 Kg7 41. h4 gxh4 42. gxh4 Nh2 43. b5 Ng4+ 44. Kg3
Nxe3 45. b6 Nxf5+ 46. Kg4 Nd4 47. Rc7 Rg1+ 48. Kh3 Rb1 49. b7 e3 50. Rc3 e2
51. Re3 Rxb7 0-1

[Event "Bunratty Masters 2020"]
[Site "Bunratty IRL"]
[Date "2020.02.22"]
[Round "3.24"]
[White "Wolferink, Frans"]
[Black "Kennedy, John P. A."]
[Result "1-0"]
[WhiteElo "2081"]
[BlackElo "2041"]
[BlackICU "1991"]
[BlackClub "Dublin"]
[WhiteNationality "NED"]
[BlackNationality "IRL"]
[WhiteFideId "1003917"]
[BlackFideId "2501120"]
[PlyCount "63"]
[EventDate "2020.02.21"]

{ Event information: <a
href="http://www.irlchess.com/bunratty2020_allfiles/pairings_bunratty2020.html">Tournament
report</a>. }

1. e4 c5 2. Nf3 d6 3. d4 cxd4 4. Nxd4 Nf6 5. Nc3 a6 6. g3 e5 7. Nde2 b5 8.
Bg2 Bb7 9. h3 h5 10. Bg5 Be7 11. O-O Nbd7 12. a3 Rc8 13. Qd2 O-O 14. Rfd1
Re8 15. Rac1 Qb6 16. Be3 Qc7 17. Nd5 Nxd5 18. exd5 Nf6 19. b3 Qd7 20. Kh2
Qf5 21. c4 bxc4 22. bxc4 Nd7 23. Qb4 Rc7 24. Nc3 Qg6 25. Bb6 Rcc8 26. Be3
Rc7 27. Na4 Nc5 28. Qb6 Bd8 29. Nxc5 dxc5 30. Bxc5 Qf5 31. Be3 Qc8 32. c5
1-0

[Event "Bunratty Masters 2020"]
[Site "Bunratty IRL"]
[Date "2020.02.22"]
[Round "3.25"]
[White "Keogh, Eamon"]
[Black "Fehr, Jukka"]
[Result "0-1"]
[WhiteTitle "NM"]
[WhiteElo "1958"]
[BlackElo "1976"]
[WhiteICU "1885"]
[WhiteClub "Kilkenny"]
[WhiteNationality "IRL"]
[BlackNationality "FIN"]
[WhiteFideId "2500264"]
[BlackFideId "4674693"]
[PlyCount "74"]
[EventDate "2020.02.21"]

{ Event information: <a
href="http://www.irlchess.com/bunratty2020_allfiles/pairings_bunratty2020.html">Tournament
report</a>. }

1. e4 e6 2. d3 c5 3. f4 d5 4. Nd2 Nc6 5. Be2 Bd7 6. c3 Qc7 7. Ngf3 Qxf4 8.
O-O O-O-O 9. Nb3 Qc7 10. Be3 dxe4 11. dxe4 Be8 12. Qc2 Nf6 13. Kh1 Ng4 14.
Bg1 Nce5 15. Rad1 Rxd1 16. Qxd1 Ba4 17. Qe1 Bd6 18. Nxe5 Nxe5 19. Nd2 Kb8
20. Nc4 Nxc4 21. Bxc4 Bc6 22. Qh4 h6 23. Qg4 g6 24. Qe2 Re8 25. Re1 f6 26.
Qg4 f5 27. Qxg6 Qc8 28. Bd3 Bxe4 29. Bxe4 fxe4 30. Qxe4 Qc6 31. Qg6 Bf8 32.
h3 e5 33. Qh5 Bg7 34. Bf2 Kc7 35. Bxc5 Rd8 36. Qf7+ Rd7 37. Bf2 ({ Game
score appears to be corrupted. Possibly } 37. Qf2 { was played, and the
game then continued after Black's next. }) 37... b6 { ... ? } 0-1

[Event "Bunratty Masters 2020"]
[Site "Bunratty IRL"]
[Date "2020.02.22"]
[Round "4.1"]
[White "Paehtz, Elisabeth"]
[Black "Short, Nigel"]
[Result "1/2-1/2"]
[WhiteTitle "IM"]
[BlackTitle "GM"]
[WhiteElo "2472"]
[BlackElo "2626"]
[WhiteNationality "GER"]
[BlackNationality "ENG"]
[WhiteFideId "4641833"]
[BlackFideId "400025"]
[PlyCount "60"]
[EventDate "2020.02.21"]
[WhiteFullName "P&auml;htz, Elisabeth"]

{ Event information: <a
href="http://www.irlchess.com/bunratty2020_allfiles/pairings_bunratty2020.html">Tournament
report</a>. } { Other information: Video: <a
href="https://www.youtube.com/watch?v=S_PiXIt3HF4&feature=youtu.be&fbclid=IwAR0AKFcsO5EV33wlyK4-9SasHWC_Wt2ysePfJzVvcUa5seVgPJcHLVJTnJM">Desmond
at Bunratty 2020</a>, YouTube video (5m., 30s.), "ChessATC", February 24,
2020 (speech by ICU Chair Desmond Beatty before start of round 4, with this
board in the background). }

1. d4 e6 2. Nf3 c5 3. e4 cxd4 4. Nxd4 Qb6 5. Nb3 a6 6. Bd3 Qc7 7. O-O Nf6
8. Qe2 d6 9. f4 Nbd7 10. a4 b6 11. Nc3 Bb7 12. Bd2 Be7 13. Rae1 e5 14. Kh1
O-O 15. Qf3 exf4 16. Bxf4 Ne5 17. Qh3 Rfe8 18. Nd4 g6 19. Bg5 Qd8 20. Re2
Nfd7 21. Bxe7 Qxe7 22. Ref2 Rf8 23. Rf4 Rae8 24. Qg3 Kh8 25. Qh3 Nc5 26.
Rh4 f6 27. Rhf4 Rf7 28. Be2 Qd7 29. Qxd7 Nexd7 30. b4 Nxe4 1/2-1/2

[Event "Bunratty Masters 2020"]
[Site "Bunratty IRL"]
[Date "2020.02.22"]
[Round "4.2"]
[White "Turner, Matthew"]
[Black "Lalic, Bogdan"]
[Result "1/2-1/2"]
[WhiteTitle "GM"]
[BlackTitle "GM"]
[WhiteElo "2516"]
[BlackElo "2400"]
[WhiteNationality "SCO"]
[BlackNationality "CRO"]
[WhiteFideId "402893"]
[BlackFideId "409081"]
[PlyCount "46"]
[EventDate "2020.02.21"]
[BlackFullName "Lali&#263;, Bogdan"]

{ Event information: <a
href="http://www.irlchess.com/bunratty2020_allfiles/pairings_bunratty2020.html">Tournament
report</a>. }

1. Nf3 c5 2. g3 Nc6 3. Bg2 e5 4. e4 g6 5. O-O Bg7 6. d3 Nge7 7. a3 d5 8.
exd5 Nxd5 9. Nbd2 O-O 10. Ne4 b6 11. c4 Nde7 12. Rb1 f5 13. Nc3 Rb8 14. Bg5
h6 15. Bxe7 Qxe7 16. Re1 Bb7 17. Nd5 Qf7 18. b4 cxb4 19. axb4 b5 20. cxb5
Qxd5 21. bxc6 Bxc6 22. Nh4 Qd6 23. Bxc6 Qxc6 1/2-1/2